Language Quiz

Random Language or Letter Quiz

'N' Vocabulary (Hard) Quiz Stats

 Plays Quiz Updated Dec 4, 2016

Support Sporcle.
Go Orange.
Score 0/25 Timer 09:00
0 Plays Today
% Correct
nepotism
86.8%
napalm
84.4%
nefarious
82.6%
nephrogram
79.8%
nonpartisan
79.4%
numismatology
77.5%
notoriety
74.8%
noncommittal
71.9%
natuary
69.7%
nonplussed
69%
nebulous
67.6%
nonpareil
67.6%
nascent
67.2%
% Correct
nerterology
64.6%
nubbin
64.3%
nadir
64.3%
neptunium
58.9%
nabob
58.2%
numeraire (or numéraire)
53.1%
neodymium
50.3%
niobium
47.4%
noisome
46.8%
nix
46.1%
numinous
44.1%
nugatory
31.3%

You're not logged in!

Compare scores with friends on all Sporcle quizzes.
OR
Log In

From the Vault

Rhymes with 'Time'

by TIMBO15

The title of this quiz gives you one of the answers.
Remove Ads.
Support Sporcle.
Get the best of Sporcle when you Go Orange. This ad-free experience offers more features, more stats, and more fun while also helping to support Sporcle. Thank you for becoming a member.

Show Comments

Extras

Top Quizzes Today


Score Distribution

Your Account Isn't Verified!

In order to create a playlist on Sporcle, you need to verify the email address you used during registration. Go to your Sporcle Settings to finish the process.

Report this User

Report this user for behavior that violates our Community Guidelines.

Details: